| 000 | 00313nam a22001217a 4500 | ||
|---|---|---|---|
| 020 | _a8131405605 | ||
| 082 |
_a664 _bCHA/FO |
||
| 245 | _aFood Processing: Oppertunities and Challenges | ||
| 260 |
_aHyderabad _bThe Icfai University Press _c2006 |
||
| 300 | _a245 | ||
| 700 |
_aAmrita Chakraborty _91267 |
||
| 942 | _cBBS | ||
| 999 |
_c14721 _d14721 |
||